书目信息 |
| 题名: |
国际金融组织贷款在建项目绩效评价典型案例
|
|
| 作者: | ;财政部 编 | |
| 分册: | ||
| 出版信息: | 北京 中国对外翻译出版公司 2011 |
|
| 页数: | 254页 | |
| 开本: | 30cm | |
| 丛书名: | ||
| 单 册: | ||
| 中图分类: | F832.6 , F831.6 | |
| 科图分类: | ||
| 主题词: | 国际性金融组织--国际信贷--项目评价--中国 , 国际性金融组织 , 国际信贷 , 项目评价 | |
| 电子资源: | ||
| ISBN: | 978-7-5001-2375-0 | |
| 000 | 01171nam0 22002891 450 | |
| 001 | 524 | |
| 005 | 20140909165214.51 | |
| 010 | @a978-7-5001-2375-0@dCNY55.00 | |
| 100 | @a20110617d2011 em y0chiy50 ea | |
| 101 | 0 | @achi |
| 102 | @aCN@b110000 | |
| 105 | @aa z 000yy | |
| 106 | @ar | |
| 200 | 1 | @a国际金融组织贷款在建项目绩效评价典型案例@AGuo Ji Jin Rong Zu Zhi Dai Kuan Zai Jian Xiang Mu Ji Xiao Ping Jia Dian Xing An Li@dCase study of perfofmance evaluation of pn-going ifiloan projects in China@f财政部国际司编@FCai Zheng Bu Guo Ji Si Bian@zeng |
| 210 | @a北京@c中国对外翻译出版公司@d2011 | |
| 215 | @a254页@c图@d30cm | |
| 330 | @a本书内容包括:亚洲发展银行贷款南京秦淮河环境综合治理项目绩效评价报告、世界银行贷款福建公路部门投资项目绩效评价报告等六篇报告。 | |
| 510 | 1 | @aCase study of perfofmance evaluation of pn-going ifiloan projects in China@zeng |
| 606 | 0 | @a国际性金融组织@x国际信贷@x项目评价@y中国 |
| 606 | 0 | @a国际性金融组织 |
| 606 | 0 | @a国际信贷 |
| 606 | 0 | @a项目评价 |
| 690 | @aF832.6@v5 | |
| 690 | @aF831.6@v5 | |
| 711 | 02 | @a财政部@ACai Zheng Bu@b国际司@4编 |
| 801 | 0 | @aCN@bTANGWEI@c20140603 |
| 905 | @b0836436-38@dF832.6@e119@f3 | |
| 国际金融组织贷款在建项目绩效评价典型案例=Case study of perfofmance evaluation of pn-going ifiloan projects in China/财政部国际司编.-北京:中国对外翻译出版公司,2011 |
| 254页:图;30cm |
| ISBN 978-7-5001-2375-0:CNY55.00 |
| 本书内容包括:亚洲发展银行贷款南京秦淮河环境综合治理项目绩效评价报告、世界银行贷款福建公路部门投资项目绩效评价报告等六篇报告。 |
| ● |
| 相关链接 |
|
|
|
|
正题名:国际金融组织贷款在建项目绩效评价典型案例
索取号:F832.6/119
 
预约/预借
| 序号 | 登录号 | 条形码 | 馆藏地/架位号 | 状态 | 备注 |
| 1 | 0836436 | 208364367 | 第一样本阅览室/ [索取号:F832.6/119] | 在馆 | |
| 2 | 0836437 | 208364376 | 密集书库-海洋学院/ [索取号:F832.6/119] | 在馆 | |
| 3 | 0836438 | 208364385 | 第一借阅区/ [索取号:F832.6/119] | 在馆 |